The Definitive F.R.I.E.N.D.S quiz 3 Stats

Quiz not verified by Sporcle

Challenge
Share
Tweet
Embed
Score 0/50 Timer 20:00
0 Plays Today
Question Answer % Correct
What toy does Ben favour, causing Ross much worry?Barbie
79.7%
How many erogenous zones does a woman have according to Rachel and Monica?7
78.8%
In one episdoe, what does Joey help Mr Treeger to practise?Ballroom Dancing
77.1%
Whilst in Vegas, Joey discovers a potential gold mine when he finds someone who he believes is his...Identical hand twin
76.4%
In the one with the candy hearts, Chandler agrees to a double date with Joey. Who's his date?Janice
75.7%
What was the only good thing going on in Ross' life, which someone ate?His thanksgiving leftover sandwich
75.4%
When Joey and Chandler get robbed, what do they find to use for furniture?A canoe and patio furniture
72.7%
How do Monica and Rachel win the apartment back?They make out
72.6%
What does Ross use as a head for his fake Ben to pretend they're spending time together, helping him get out of helping the girls pack?Pumpkin
72.4%
What does Rachel sell to Gunther for $1500?A cat
70.6%
What does Phoebe do for the babies during her pregnancy that completely goes against her values?Eats meat
70.3%
In the one where nobody's ready, what of Joey's does Chandler hide?Underwear
68.3%
What did Joey really get Cathy?Pen that's also a watch and coupons for Joey time
67.2%
Why did Phoebe and Gary break up?He shot a bird
66.6%
What book does Chandler get Joey to give to Cathy?The Velveteen Rabbit
63.5%
Where was Joey which prevented him from showering before his movie with Charlton Heston?fishing trip with his dad
61.6%
What does Joey tell Treeger he and Chandler are nicknamed as?The Chick and The Duck
61.5%
What were the professions of the two guys that Phoebe was dating at the same time whilst not being able to decide between them?Fireman and teacher
61%
Where do you go in phase 2 of a break-up?Strip club
60.3%
When Ross moves to his new apartment, what 'bits' does he do for the others to see through the window?(name one)Shark attack, watching TV, the robot and walking the dog
60%
After they once again get stuck in a room during a Ross and Rachel fight, what has Joey hidden in there for them to use?madlibs, candy bars, crossword puzzles and condoms
59.9%
What's Joshua afraid of?farm birds
54.2%
Who (of the friends) do Phoebe and Rachel think would form a good breakaway group?(alphabetical order)Joey, Phoebe and Rachel
52.4%
When Chandler and Monica sneak away to a hotel in New Jersey for the weekend, what does Joey suspect Chandler's been on?Gay cruise
49.7%
In order to impress Joshua, Joey tells Rachel to perform a trick from a movie, using what?Her bra
49.7%
Question Answer % Correct
What altered board game do the friends play at the beach house?Strip Happy Days Game
47.6%
What was the only world left for Pete Becker to conquer?The physical world
46.8%
What book are Phoebe and Rachel studying, for which Phoebe convinces Rachel the protagonist is a cyborg?Jane Eyre
42.6%
In the one where they've been throwing the ball around for hours, why do they eventually stop?Phoebe put it down
40.5%
What song is Joey usually greeted with from a neighbour every morning?Morning is here
40.4%
What nickname did Ross make up for Chandler after he lost part of his toe?Sir Limpsalot
37%
What does Phoebe think Chandler works with?robots
36.1%
What name do Phoebe and Joey think Chandler can pull off?Jean
36%
What do people start calling Ross at work after Phoebe writes him a threatening note to use?Mental Geller
35.5%
Why did Joey and Ginger break up?He threw her leg in the fire
35.3%
What name does Chandler want for himself instead of 'Chandler'?Clint
35%
In the one with the two parties, what game do Joey and Chandler get going at their apartment?Volleyball
32.7%
What new year's programme do Ross and Monica get to dance on?Dick Clark's New Year's Rockin Eve
32.4%
What are Phoebe's birth mom's two passions?Pottery and erotica
25.4%
What (unfair) request does Ross get when he moves into his new apartment?Chipping in for the handyman
24.7%
What superhero does Phoebe make up?Goldman
23.9%
When the friends all first meet Julie, what is the punchline to the joke that Rachel ruins?The chicken poops in her lap
23.7%
When Chandler tries to make Monica think he never wants to get married, so his proposal will come as a surprise, what does he use as an argument that marriage doesn't work?Pigs can have a hundred sexual partners
21.1%
Joey has a poster of this movie in his roomScarface
19.3%
What's 'doctor Pittstains' real name?Professor Pitain
16.9%
In one of Joey's plays, where does he go at the end of it in search of alternative fuels?Blargon 7
12%
What's Pete's trainer called?Ho Chi
10.1%
What opera was Rachel supposed to take Emily to?Die Fledermaus
9%
What is there never a good time for to ask a woman?If she's ever been with another woman
5.9%
Where in England is Emily from?Shropshire
5.8%

You're not logged in!

Compare scores with friends on all Sporcle quizzes.
Sign Up with Email
OR
Log In

You Might Also Like...

Show Comments

Extras

Top Quizzes Today


Score Distribution

Your Account Isn't Verified!

In order to create a playlist on Sporcle, you need to verify the email address you used during registration. Go to your Sporcle Settings to finish the process.

Report this User

Report this user for behavior that violates our Community Guidelines.

Details: